000 00524nam a2200205 a 4500
001 000029852
003 DO-SdBNP
005 20230213143722.0
007 ta
008 110426s1974 dr 000 0 spa d
040 _aDO-SdBNP
_bspa
_cBNPHU
049 _aBNPD
082 4 _222
100 1 _aRivadulla, Mario
_956604
245 1 0 _aVerdades cubanas /
_cMario Rivadulla.
260 _aSanto Domingo :
_bHorizonte de América,
_c1974.
300 _a33 p. ;
_c21 cm.
590 _aInventariado, 2023/BT
942 _2ddc
_cLBS1
999 _c29344
_d29344